Teoría y práctica del planeamiento integral de la educación (Record no. 5951)

MARC details
000 -LEADER
campo de control de longitud fija 01468nmc a2200373 a 4500
003 - IDENTIFICADOR DE NÚMERO DE CONTROL
campo de control AR-BaBNM
005 - FECHA Y HORA DE LA ÚLTIMA TRANSACCIÓN
campo de control 20251128204039.0
008 - DATOS DE LONGITUD FIJA--INFORMACIÓN GENERAL
campo de control de longitud fija 136019s1971 ||||||||||||||000 | spa||
040 ## - FUENTE DE CATALOGACIÓN
Centro/agencia transcriptor AR-BaBNM
245 10 - MENCIÓN DEL TÍTULO
Título Teoría y práctica del planeamiento integral de la educación
250 ## - MENCION DE EDICION
Mención de edición 1ª ed.
260 ## - PUBLICACIÓN, DISTRIBUCIÓN, ETC.
Lugar de publicación, distribución, etc. Buenos Aires
Nombre del editor, distribuidor, etc. Centro Regional de Ayuda Técnica. Agencia para el Desarrollo Internacional
-- Estrada
Fecha de publicación, distribución, etc. 1971
300 0# - DESCRIPCIÓN FÍSICA
Extensión 281 p.
490 #0 - MENCIÓN DE SERIE
Mención de serie Biblioteca de Ciencias de la Educación
500 1# - NOTA GENERAL
Nota general Esta edición ha sido preparada conjuntamente por Editorial Pax-México, y el Centro Regional de Ayuda Técnica, Agencia para el Desarrollo Internacional, Departamento de Estado del Gobierno de los Estados Unidos de América. El Centro es una organización ded
500 0# - NOTA GENERAL
Nota general The World Year Book of Education 1967
504 ## - NOTA DE BIBLIOGRAFÍA, ETC.
Nota de bibliografía, etc. Nota Contiene bibliografía al final de cada capítulo
650 #4 - PUNTO DE ACCESO ADICIONAL DE MATERIA--TÉRMINO DE MATERIA
Término de materia o nombre geográfico como elemento de entrada PLANES EDUCACIONALES
650 #4 - PUNTO DE ACCESO ADICIONAL DE MATERIA--TÉRMINO DE MATERIA
Término de materia o nombre geográfico como elemento de entrada PLANIFICACION DE LA EDUCACION
650 #4 - PUNTO DE ACCESO ADICIONAL DE MATERIA--TÉRMINO DE MATERIA
Término de materia o nombre geográfico como elemento de entrada PLANIFICACION DE RECURSOS HUMANOS
700 1# - ENTRADA AGREGADA--NOMBRE PERSONAL
Nombre de persona Olivera, Julio H.G.
700 1# - ENTRADA AGREGADA--NOMBRE PERSONAL
Nombre de persona Anderson, C. Arnold
700 1# - ENTRADA AGREGADA--NOMBRE PERSONAL
Nombre de persona Bowman, Mary Jean
700 1# - ENTRADA AGREGADA--NOMBRE PERSONAL
Nombre de persona Miner, Jerry
700 1# - ENTRADA AGREGADA--NOMBRE PERSONAL
Nombre de persona Coombs, Philip Hall
700 1# - ENTRADA AGREGADA--NOMBRE PERSONAL
Nombre de persona Chesswas, John Douglas
700 1# - ENTRADA AGREGADA--NOMBRE PERSONAL
Nombre de persona DeWitt, Nicholas
700 1# - ENTRADA AGREGADA--NOMBRE PERSONAL
Nombre de persona Benveniste, Guy
700 1# - ENTRADA AGREGADA--NOMBRE PERSONAL
Nombre de persona Lauwerys, Joseph A.
Término indicativo de función/relación compilador
700 1# - ENTRADA AGREGADA--NOMBRE PERSONAL
Nombre de persona Soto, Antonio H.
Término indicativo de función/relación traductor
800 1# - PUNTO DE ACCESO ADICIONAL DE SERIE--NOMBRE DE PERSONA
Nombre de persona Zanotti, Luis Jorge
Término indicativo de función/relación director
942 ## - ELEMENTOS DE ENTRADA SECUNDARIOS (KOHA)
Tipo de ítem Koha Libros
998 ## - INFORMACIÓN DE CONTROL LOCAL (RLIN)
Iniciales del catalogador, CIN (RLIN) silvi
Holdings
Estatus retirado Estado de pérdida Fuente de la clasificación o esquema de estantería Estado de daño Restricciones de uso No para préstamo Biblioteca de origen Biblioteca actual Fecha de adquisición Total de préstamos Signatura topográfica completa Código de barras Visto por última vez Precio de reemplazo Tipo de ítem Koha
    Clasificación Decimal Dewey   Acceso restringido No para préstamo Liberty Liberty 28/11/2025   37.014.5 OLI 067322 28/11/2025 28/11/2025 Libros